01345cam a22003011 4500001001300000003000400013005001700017008004100034010001700075035001900092040004900111042001200160043001200172050002400184100002900208245011700237260004900354300008500403490005500488500008900543501017400632504002800806650004400834650004900878650004800927830005100975999001701026gs 64000305 DLC20260227111415.0780809s1964 dcuab b f000 0 eng c ags 64000305  a(OCoLC)4124212 aU.S. Geol. Survey. Library.cCLSdOCoLCdDLC apremarc an-us-nv00aTC801b.U2 no. 17541 aCohen, Philip M.,d1931-10aPreliminary results of hydrogeologic investigations in the valley of the Humboldt River near Winnemucca, Nevada. aWashington :bU.S. Govt. Print. Off.,c1964. av, 59 p. :billus., diagrs., tables, portfolio (4 fold. maps (3 col.)) ;c24 cm.1 aGeological Survey (U.S.). Water-supply paperv1754 aPrepared in cooperation with the Nevada Dept. of Conservation and Natural Resources. aWith : Geology and ground-water resources of the Los Alamos area, New Mexico. Washington : U.S. Govt. Print. Off., 1964. Bound together subsequent to publication.5DLC aBibliography: p. 58-59. 0aGeologyzNevadazHumboldt River Valley. 0aWater-supplyzNevadazHumboldt River Valley. 0aGroundwaterzNevadazHumboldt River Valley. 0aWater-supply paper (Washington, D.C.) ;v1754. c29887d29887